Statistics for Random European Capitals - Empty Map Quiz

Click here to take the quiz!

General Stats

  • This quiz has been taken 1,259 times
  • The average score is 9 of 12

Answers on the Map

Answers color-coded by a green-red scale on the quiz's map according to % correct below.
 

Answer Stats

Answer% Correct
Lisbon
87%
Rome
86%
Reykjavík
85%
Minsk
83%
Monaco
83%
Moscow
83%
Paris
83%
Helsinki
82%
Madrid
82%
Athens
81%
Copenhagen
81%
Oslo
81%
Amsterdam
80%
Kiev
80%
Brussels
79%
London
79%
Berlin
78%
Prague
78%
Andorra la Vella
76%
San Marino
76%
Warsaw
76%
Dublin
75%
Riga
75%
Stockholm
74%
Vatican City
74%
Bern
73%
Sofia
73%
Vienna
73%
Chișinău
71%
Luxembourg
71%
Vilnius
71%
Valletta
68%
Bucharest
67%
Tirana
67%
Belgrade
66%
Sarajevo
66%
Budapest
65%
Tallinn
63%
Podgorica
62%
Zagreb
59%
Pristina
58%
Bratislava
56%
Ljubljana
56%
Vaduz
55%
Skopje
54%

Score Distribution

Percentile by Number Answered

Percent of People with Each Score

Your Score History

You have not taken this quiz